| 000 | 00588nam a2200169Ia 4500 | ||
|---|---|---|---|
| 003 | LDD | ||
| 008 | 190117s9999 xx 000 0 und d | ||
| 020 | _c₹50 | ||
| 040 | _cLDD | ||
| 041 | _ahi | ||
| 082 | _a8H0.309 पां3666हि | ||
| 100 | _aपांडेय, राजकिशोर | ||
| 245 | 0 |
_aहिन्दी साहित्य का उत्तर मध्ययुग _cराजकिशोर पांडेय |
|
| 260 |
_aलखनऊ _bहिन्दी साहित्य भण्डार _c1975 |
||
| 300 | _a536प्र. | ||
| 942 |
_2ddc _cH |
||
| 999 |
_c163026 _d163026 |
||